<?xml version="1.0" encoding="UTF-8"?>
<marc:record xmlns:marc="http://www.loc.gov/MARC21/slim" type="Bibliographic">
   <marc:leader>00000pam a2200000 c 4500</marc:leader>
   <marc:controlfield tag="001">1079922512</marc:controlfield>
   <marc:controlfield tag="003">DE-101</marc:controlfield>
   <marc:controlfield tag="005">20171202151524.0</marc:controlfield>
   <marc:controlfield tag="007">tu</marc:controlfield>
   <marc:controlfield tag="008">151209s2016    gw ||||| |||| 00||||ger  </marc:controlfield>
   <marc:datafield ind1=" " ind2=" " tag="015">
      <marc:subfield code="a">16,A26</marc:subfield>
      <marc:subfield code="z">15,N51</marc:subfield>
      <marc:subfield code="2">dnb</marc:subfield>
   </marc:datafield>
   <marc:datafield ind1="7" ind2=" " tag="016">
      <marc:subfield code="2">DE-101</marc:subfield>
      <marc:subfield code="a">1079922512</marc:subfield>
   </marc:datafield>
   <marc:datafield ind1=" " ind2=" " tag="020">
      <marc:subfield code="a">9783506782380</marc:subfield>
      <marc:subfield code="c">Broschur : ca. EUR 25.60 (AT), ca. sfr 31.60 (freier Pr.), ca. EUR 24.90 (DE)</marc:subfield>
      <marc:subfield code="9">978-3-506-78238-0</marc:subfield>
   </marc:datafield>
   <marc:datafield ind1=" " ind2=" " tag="020">
      <marc:subfield code="a">350678238X</marc:subfield>
      <marc:subfield code="9">3-506-78238-X</marc:subfield>
   </marc:datafield>
   <marc:datafield ind1="3" ind2=" " tag="024">
      <marc:subfield code="a">9783506782380</marc:subfield>
   </marc:datafield>
   <marc:datafield ind1=" " ind2=" " tag="035">
      <marc:subfield code="a">(DE-599)DNB1079922512</marc:subfield>
   </marc:datafield>
   <marc:datafield ind1=" " ind2=" " tag="035">
      <marc:subfield code="a">(OCoLC)932697985</marc:subfield>
   </marc:datafield>
   <marc:datafield ind1=" " ind2=" " tag="040">
      <marc:subfield code="a">1145</marc:subfield>
      <marc:subfield code="b">ger</marc:subfield>
      <marc:subfield code="c">DE-101</marc:subfield>
      <marc:subfield code="d">9999</marc:subfield>
      <marc:subfield code="e">rda</marc:subfield>
   </marc:datafield>
   <marc:datafield ind1=" " ind2=" " tag="041">
      <marc:subfield code="a">ger</marc:subfield>
   </marc:datafield>
   <marc:datafield ind1=" " ind2=" " tag="044">
      <marc:subfield code="c">XA-DE-NW</marc:subfield>
   </marc:datafield>
   <marc:datafield ind1="0" ind2="4" tag="082">
      <marc:subfield code="8">1\u</marc:subfield>
      <marc:subfield code="a">230.41092</marc:subfield>
      <marc:subfield code="q">DE-101</marc:subfield>
      <marc:subfield code="2">22/ger</marc:subfield>
   </marc:datafield>
   <marc:datafield ind1="7" ind2=" " tag="083">
      <marc:subfield code="a">230</marc:subfield>
      <marc:subfield code="q">DE-101</marc:subfield>
      <marc:subfield code="2">23sdnb</marc:subfield>
   </marc:datafield>
   <marc:datafield ind1=" " ind2=" " tag="085">
      <marc:subfield code="8">1\u</marc:subfield>
      <marc:subfield code="b">230</marc:subfield>
   </marc:datafield>
   <marc:datafield ind1=" " ind2=" " tag="085">
      <marc:subfield code="8">1\u</marc:subfield>
      <marc:subfield code="s">282</marc:subfield>
   </marc:datafield>
   <marc:datafield ind1=" " ind2=" " tag="085">
      <marc:subfield code="8">1\u</marc:subfield>
      <marc:subfield code="s">284.1</marc:subfield>
   </marc:datafield>
   <marc:datafield ind1=" " ind2=" " tag="085">
      <marc:subfield code="8">1\u</marc:subfield>
      <marc:subfield code="z">1</marc:subfield>
      <marc:subfield code="s">092</marc:subfield>
   </marc:datafield>
   <marc:datafield ind1=" " ind2=" " tag="090">
      <marc:subfield code="a">b</marc:subfield>
   </marc:datafield>
   <marc:datafield ind1="1" ind2=" " tag="100">
      <marc:subfield code="0">(DE-588)104699848X</marc:subfield>
      <marc:subfield code="0">http://d-nb.info/gnd/104699848X</marc:subfield>
      <marc:subfield code="0">(DE-101)104699848X</marc:subfield>
      <marc:subfield code="a">Blum, Daniela</marc:subfield>
      <marc:subfield code="e">Verfasser</marc:subfield>
      <marc:subfield code="4">aut</marc:subfield>
   </marc:datafield>
   <marc:datafield ind1="0" ind2="0" tag="245">
      <marc:subfield code="a">&#x98;Der&#x9c; katholische Luther</marc:subfield>
      <marc:subfield code="b">Begegnungen, Prägungen, Rezeptionen</marc:subfield>
      <marc:subfield code="c">Daniela Blum</marc:subfield>
   </marc:datafield>
   <marc:datafield ind1=" " ind2="1" tag="264">
      <marc:subfield code="a">Paderborn</marc:subfield>
      <marc:subfield code="b">Ferdinand Schöningh </marc:subfield>
      <marc:subfield code="c">[2016]</marc:subfield>
   </marc:datafield>
   <marc:datafield ind1=" " ind2=" " tag="300">
      <marc:subfield code="a">221 Seiten</marc:subfield>
      <marc:subfield code="c">22 cm</marc:subfield>
   </marc:datafield>
   <marc:datafield ind1=" " ind2=" " tag="336">
      <marc:subfield code="a">Text</marc:subfield>
      <marc:subfield code="b">txt</marc:subfield>
      <marc:subfield code="2">rdacontent</marc:subfield>
   </marc:datafield>
   <marc:datafield ind1=" " ind2=" " tag="337">
      <marc:subfield code="a">ohne Hilfsmittel zu benutzen</marc:subfield>
      <marc:subfield code="b">n</marc:subfield>
      <marc:subfield code="2">rdamedia</marc:subfield>
   </marc:datafield>
   <marc:datafield ind1=" " ind2=" " tag="338">
      <marc:subfield code="a">Band</marc:subfield>
      <marc:subfield code="b">nc</marc:subfield>
      <marc:subfield code="2">rdacarrier</marc:subfield>
   </marc:datafield>
   <marc:datafield ind1="1" ind2="7" tag="600">
      <marc:subfield code="0">(DE-588)118575449</marc:subfield>
      <marc:subfield code="0">http://d-nb.info/gnd/118575449</marc:subfield>
      <marc:subfield code="0">(DE-101)118575449</marc:subfield>
      <marc:subfield code="a">Luther, Martin</marc:subfield>
      <marc:subfield code="d">1483-1546</marc:subfield>
      <marc:subfield code="2">gnd</marc:subfield>
   </marc:datafield>
   <marc:datafield ind1="1" ind2="7" tag="600">
      <marc:subfield code="0">(DE-588)118575449</marc:subfield>
      <marc:subfield code="0">http://d-nb.info/gnd/118575449</marc:subfield>
      <marc:subfield code="0">(DE-101)118575449</marc:subfield>
      <marc:subfield code="a">Luther, Martin</marc:subfield>
      <marc:subfield code="d">1483-1546</marc:subfield>
      <marc:subfield code="2">gnd</marc:subfield>
   </marc:datafield>
   <marc:datafield ind1="1" ind2="7" tag="600">
      <marc:subfield code="0">(DE-588)118575449</marc:subfield>
      <marc:subfield code="0">http://d-nb.info/gnd/118575449</marc:subfield>
      <marc:subfield code="0">(DE-101)118575449</marc:subfield>
      <marc:subfield code="a">Luther, Martin</marc:subfield>
      <marc:subfield code="d">1483-1546</marc:subfield>
      <marc:subfield code="2">gnd</marc:subfield>
   </marc:datafield>
   <marc:datafield ind1=" " ind2="7" tag="648">
      <marc:subfield code="a">Geschichte</marc:subfield>
      <marc:subfield code="2">gnd</marc:subfield>
   </marc:datafield>
   <marc:datafield ind1=" " ind2="7" tag="648">
      <marc:subfield code="a">Geschichte</marc:subfield>
      <marc:subfield code="2">gnd</marc:subfield>
   </marc:datafield>
   <marc:datafield ind1=" " ind2="7" tag="650">
      <marc:subfield code="0">(DE-588)4133211-8</marc:subfield>
      <marc:subfield code="0">http://d-nb.info/gnd/4133211-8</marc:subfield>
      <marc:subfield code="0">(DE-101)041332113</marc:subfield>
      <marc:subfield code="a">Prägung</marc:subfield>
      <marc:subfield code="2">gnd</marc:subfield>
   </marc:datafield>
   <marc:datafield ind1=" " ind2="7" tag="650">
      <marc:subfield code="0">(DE-588)4030005-5</marc:subfield>
      <marc:subfield code="0">http://d-nb.info/gnd/4030005-5</marc:subfield>
      <marc:subfield code="0">(DE-101)040300056</marc:subfield>
      <marc:subfield code="a">Katholische Theologie</marc:subfield>
      <marc:subfield code="2">gnd</marc:subfield>
   </marc:datafield>
   <marc:datafield ind1=" " ind2="7" tag="650">
      <marc:subfield code="0">(DE-588)4131582-0</marc:subfield>
      <marc:subfield code="0">http://d-nb.info/gnd/4131582-0</marc:subfield>
      <marc:subfield code="0">(DE-101)041315820</marc:subfield>
      <marc:subfield code="a">Zeitgenossen</marc:subfield>
      <marc:subfield code="2">gnd</marc:subfield>
   </marc:datafield>
   <marc:datafield ind1=" " ind2="7" tag="650">
      <marc:subfield code="0">(DE-588)4030020-1</marc:subfield>
      <marc:subfield code="0">http://d-nb.info/gnd/4030020-1</marc:subfield>
      <marc:subfield code="0">(DE-101)04030020X</marc:subfield>
      <marc:subfield code="a">Katholischer Theologe</marc:subfield>
      <marc:subfield code="2">gnd</marc:subfield>
   </marc:datafield>
   <marc:datafield ind1=" " ind2="7" tag="650">
      <marc:subfield code="0">(DE-588)4049716-1</marc:subfield>
      <marc:subfield code="0">http://d-nb.info/gnd/4049716-1</marc:subfield>
      <marc:subfield code="0">(DE-101)04049716X</marc:subfield>
      <marc:subfield code="a">Rezeption</marc:subfield>
      <marc:subfield code="2">gnd</marc:subfield>
   </marc:datafield>
   <marc:datafield ind1=" " ind2="7" tag="650">
      <marc:subfield code="0">(DE-588)4030005-5</marc:subfield>
      <marc:subfield code="0">http://d-nb.info/gnd/4030005-5</marc:subfield>
      <marc:subfield code="0">(DE-101)040300056</marc:subfield>
      <marc:subfield code="a">Katholische Theologie</marc:subfield>
      <marc:subfield code="2">gnd</marc:subfield>
   </marc:datafield>
   <marc:datafield ind1=" " ind2=" " tag="653">
      <marc:subfield code="a">(Produktform)Paperback / softback</marc:subfield>
   </marc:datafield>
   <marc:datafield ind1=" " ind2=" " tag="653">
      <marc:subfield code="a">Katholische Kirche</marc:subfield>
   </marc:datafield>
   <marc:datafield ind1=" " ind2=" " tag="653">
      <marc:subfield code="a">Luther</marc:subfield>
   </marc:datafield>
   <marc:datafield ind1=" " ind2=" " tag="653">
      <marc:subfield code="a">Luther-Rezeption</marc:subfield>
   </marc:datafield>
   <marc:datafield ind1=" " ind2=" " tag="653">
      <marc:subfield code="a">Reformation</marc:subfield>
   </marc:datafield>
   <marc:datafield ind1=" " ind2=" " tag="653">
      <marc:subfield code="a">Reformationsjubiläum</marc:subfield>
   </marc:datafield>
   <marc:datafield ind1=" " ind2=" " tag="653">
      <marc:subfield code="a">spätmittelalterliche Kirche</marc:subfield>
   </marc:datafield>
   <marc:datafield ind1=" " ind2=" " tag="653">
      <marc:subfield code="a">Ökumene</marc:subfield>
   </marc:datafield>
   <marc:datafield ind1=" " ind2=" " tag="653">
      <marc:subfield code="a">(VLB-WN)1542: Hardcover, Softcover / Religion, Theologie/Christentum</marc:subfield>
   </marc:datafield>
   <marc:datafield ind1=" " ind2="7" tag="655">
      <marc:subfield code="0">(DE-588)4006804-3</marc:subfield>
      <marc:subfield code="0">http://d-nb.info/gnd/4006804-3</marc:subfield>
      <marc:subfield code="0">(DE-101)040068048</marc:subfield>
      <marc:subfield code="a">Biografie</marc:subfield>
      <marc:subfield code="y">1517-1520</marc:subfield>
      <marc:subfield code="2">gnd-content</marc:subfield>
   </marc:datafield>
   <marc:datafield ind1="0" ind2="0" tag="689">
      <marc:subfield code="0">(DE-588)118575449</marc:subfield>
      <marc:subfield code="0">http://d-nb.info/gnd/118575449</marc:subfield>
      <marc:subfield code="0">(DE-101)118575449</marc:subfield>
      <marc:subfield code="D">p</marc:subfield>
      <marc:subfield code="a">Luther, Martin</marc:subfield>
      <marc:subfield code="d">1483-1546</marc:subfield>
   </marc:datafield>
   <marc:datafield ind1="0" ind2="1" tag="689">
      <marc:subfield code="0">(DE-588)4133211-8</marc:subfield>
      <marc:subfield code="0">http://d-nb.info/gnd/4133211-8</marc:subfield>
      <marc:subfield code="0">(DE-101)041332113</marc:subfield>
      <marc:subfield code="D">s</marc:subfield>
      <marc:subfield code="a">Prägung</marc:subfield>
   </marc:datafield>
   <marc:datafield ind1="0" ind2="2" tag="689">
      <marc:subfield code="0">(DE-588)4030005-5</marc:subfield>
      <marc:subfield code="0">http://d-nb.info/gnd/4030005-5</marc:subfield>
      <marc:subfield code="0">(DE-101)040300056</marc:subfield>
      <marc:subfield code="D">s</marc:subfield>
      <marc:subfield code="a">Katholische Theologie</marc:subfield>
   </marc:datafield>
   <marc:datafield ind1="0" ind2="3" tag="689">
      <marc:subfield code="A">z</marc:subfield>
      <marc:subfield code="a">Geschichte</marc:subfield>
   </marc:datafield>
   <marc:datafield ind1="0" ind2=" " tag="689">
      <marc:subfield code="5">DE-101</marc:subfield>
      <marc:subfield code="5">DE-101</marc:subfield>
   </marc:datafield>
   <marc:datafield ind1="1" ind2="0" tag="689">
      <marc:subfield code="0">(DE-588)118575449</marc:subfield>
      <marc:subfield code="0">http://d-nb.info/gnd/118575449</marc:subfield>
      <marc:subfield code="0">(DE-101)118575449</marc:subfield>
      <marc:subfield code="D">p</marc:subfield>
      <marc:subfield code="a">Luther, Martin</marc:subfield>
      <marc:subfield code="d">1483-1546</marc:subfield>
   </marc:datafield>
   <marc:datafield ind1="1" ind2="1" tag="689">
      <marc:subfield code="0">(DE-588)4131582-0</marc:subfield>
      <marc:subfield code="0">http://d-nb.info/gnd/4131582-0</marc:subfield>
      <marc:subfield code="0">(DE-101)041315820</marc:subfield>
      <marc:subfield code="D">s</marc:subfield>
      <marc:subfield code="a">Zeitgenossen</marc:subfield>
   </marc:datafield>
   <marc:datafield ind1="1" ind2="2" tag="689">
      <marc:subfield code="0">(DE-588)4030020-1</marc:subfield>
      <marc:subfield code="0">http://d-nb.info/gnd/4030020-1</marc:subfield>
      <marc:subfield code="0">(DE-101)04030020X</marc:subfield>
      <marc:subfield code="D">s</marc:subfield>
      <marc:subfield code="a">Katholischer Theologe</marc:subfield>
   </marc:datafield>
   <marc:datafield ind1="1" ind2=" " tag="689">
      <marc:subfield code="5">DE-101</marc:subfield>
      <marc:subfield code="5">DE-101</marc:subfield>
   </marc:datafield>
   <marc:datafield ind1="2" ind2="0" tag="689">
      <marc:subfield code="0">(DE-588)118575449</marc:subfield>
      <marc:subfield code="0">http://d-nb.info/gnd/118575449</marc:subfield>
      <marc:subfield code="0">(DE-101)118575449</marc:subfield>
      <marc:subfield code="D">p</marc:subfield>
      <marc:subfield code="a">Luther, Martin</marc:subfield>
      <marc:subfield code="d">1483-1546</marc:subfield>
   </marc:datafield>
   <marc:datafield ind1="2" ind2="1" tag="689">
      <marc:subfield code="0">(DE-588)4049716-1</marc:subfield>
      <marc:subfield code="0">http://d-nb.info/gnd/4049716-1</marc:subfield>
      <marc:subfield code="0">(DE-101)04049716X</marc:subfield>
      <marc:subfield code="D">s</marc:subfield>
      <marc:subfield code="a">Rezeption</marc:subfield>
   </marc:datafield>
   <marc:datafield ind1="2" ind2="2" tag="689">
      <marc:subfield code="0">(DE-588)4030005-5</marc:subfield>
      <marc:subfield code="0">http://d-nb.info/gnd/4030005-5</marc:subfield>
      <marc:subfield code="0">(DE-101)040300056</marc:subfield>
      <marc:subfield code="D">s</marc:subfield>
      <marc:subfield code="a">Katholische Theologie</marc:subfield>
   </marc:datafield>
   <marc:datafield ind1="2" ind2="3" tag="689">
      <marc:subfield code="A">z</marc:subfield>
      <marc:subfield code="a">Geschichte</marc:subfield>
   </marc:datafield>
   <marc:datafield ind1="2" ind2=" " tag="689">
      <marc:subfield code="5">DE-101</marc:subfield>
      <marc:subfield code="5">DE-101</marc:subfield>
   </marc:datafield>
   <marc:datafield ind1="2" ind2=" " tag="710">
      <marc:subfield code="0">(DE-588)2178840-6</marc:subfield>
      <marc:subfield code="0">http://d-nb.info/gnd/2178840-6</marc:subfield>
      <marc:subfield code="0">(DE-101)957246315</marc:subfield>
      <marc:subfield code="a">Verlag Ferdinand Schöningh</marc:subfield>
      <marc:subfield code="e">Verlag</marc:subfield>
      <marc:subfield code="4">pbl</marc:subfield>
   </marc:datafield>
   <marc:datafield ind1="0" ind2="8" tag="776">
      <marc:subfield code="i">Erscheint auch als</marc:subfield>
      <marc:subfield code="n">Online-Ausgabe</marc:subfield>
      <marc:subfield code="a">Blum, Daniela</marc:subfield>
      <marc:subfield code="t">&#x98;Der&#x9c; katholische Luther</marc:subfield>
      <marc:subfield code="d">Paderborn : Verlag Ferdinand Schöningh, 2017</marc:subfield>
      <marc:subfield code="h">Online-Ressourcen, 221 Seiten</marc:subfield>
      <marc:subfield code="w">(DE-101)1124541284</marc:subfield>
   </marc:datafield>
   <marc:datafield ind1=" " ind2=" " tag="850">
      <marc:subfield code="a">DE-101a</marc:subfield>
      <marc:subfield code="a">DE-101b</marc:subfield>
   </marc:datafield>
   <marc:datafield ind1="4" ind2="2" tag="856">
      <marc:subfield code="m">X:MVB</marc:subfield>
      <marc:subfield code="q">text/html</marc:subfield>
      <marc:subfield code="u">http://deposit.dnb.de/cgi-bin/dokserv?id=6aa0615369244c998fc4fc1471a0f201&amp;prov=M&amp;dok_var=1&amp;dok_ext=htm</marc:subfield>
      <marc:subfield code="3">Inhaltstext</marc:subfield>
   </marc:datafield>
   <marc:datafield ind1="4" ind2="2" tag="856">
      <marc:subfield code="m">B:DE-101</marc:subfield>
      <marc:subfield code="q">application/pdf</marc:subfield>
      <marc:subfield code="u">http://d-nb.info/1079922512/04</marc:subfield>
      <marc:subfield code="3">Inhaltsverzeichnis</marc:subfield>
   </marc:datafield>
   <marc:datafield ind1="r" ind2=" " tag="925">
      <marc:subfield code="a">ra</marc:subfield>
   </marc:datafield>
</marc:record>
